| 000 | 00427nam a22001457a 4500 | ||
|---|---|---|---|
| 003 | OSt | ||
| 005 | 20160727222342.0 | ||
| 008 | 160620b xxu||||| |||| 00| 0 eng d | ||
| 040 | _ctest | ||
| 100 |
_9129 _aRazzi, J |
||
| 245 |
_aThe Get Along Gang and the Missiong Caboose _bThe Get Along Gang and the Missiong Caboose |
||
| 260 |
_aN.Y _bScholastic _c1984 |
||
| 300 | _aThe Get Along Gang and the Missiong Caboose | ||
| 942 |
_2ddc _cBK |
||
| 999 |
_c102 _d102 |
||